BLACKPINK music - Statistics

General Stats
  • This quiz has been taken 1,290 times
    623 since last reset
  • The average score is 22 of 29
Answer Stats
Album/ EP Answer % Correct
with Selena gomez Ice Cream
93%
BORN PINK Pink Venom
92%
Kill This Love Kill This Love
91%
Blackpink in your Area Boombayah
89%
Shut Down
88%
the album How you like that
86%
Whistle
86%
Playing With Fire
82%
Stay
81%
Typa Girl
81%
As if its Your last
79%
feat Cardi B bet you wanna
79%
Tally
79%
Ddu du Ddu du
77%
Lovesick girls
77%
Forever Young
74%
Pretty Savage
73%
The happiest girl
72%
Yeah yeah Yeah
72%
Crazy over you
70%
Don't Know What To Do
70%
hard to Love
70%
Kick It
70%
Ready for Love
70%
Really
67%
love to hate me
66%
You never know
65%
Hope Not
64%
See U Later
59%
No matching quizzes found
Score Distribution
Percent of People with Each Score
Percentile by Number Answered
Your Score History
You have not taken this quiz since the last reset